000 01425nam a2200361Ia 4500
001 ebr10170604
003 CaPaEBR
006 m u
007 cr cn|||||||||
008 060925s2007 enk sb 001 0 eng d
010 _z 2006031791
020 _z9781853599637 (pbk : alk. paper)
020 _z9781853599644 (hbk : alk. paper)
020 _z9781853599651 (ebook)
040 _aCaPaEBR
_cCaPaEBR
035 _a(OCoLC)648183245
050 1 4 _aP94.5.M55
_bM56 2007eb
082 0 4 _a302.23089
_222
245 0 0 _aMinority language media
_h[electronic resource] :
_bconcepts, critiques, and case studies /
_cedited by Mike Cormack and Niamh Hourigan.
260 _aClevedon :
_bMultilingual Matters Ltd.,
_cc2007.
300 _avi, 274 p.
490 1 _aMultilingual matters ;
_v138
504 _aIncludes bibliographical references and index.
533 _aElectronic reproduction.
_bPalo Alto, Calif. :
_cebrary,
_d2009.
_nAvailable via World Wide Web.
_nAccess may be limited to ebrary affiliated libraries.
650 0 _aEthnic mass media.
650 0 _aLinguistic minorities.
655 7 _aElectronic books.
_2local
700 1 _aCormack, Michael J.
700 1 _aHourigan, Niamh,
_d1973-
710 2 _aebrary, Inc.
830 0 _aMultilingual matters ;
_v138.
856 4 0 _uhttp://site.ebrary.com/lib/rucke/Doc?id=10170604
_zAn electronic book accessible through the World Wide Web; click to view
999 _c139499
_d139499